000 00502nam a2200169Ia 4500
999 _c35135
_d35135
003 OSt
005 20201218143407.0
008 190216s9999||||xx |||||||||||||| ||und||
040 _coclc
082 _a913.38
_bWAR/E
100 _aWarrington, John
_97693
245 0 _aEveryman`s Classical Dictionary /
_cJohn Warrington
260 _bJ M Dent and Sons,
_c1965.
_aLondon:
300 _a537p
650 _aClassical Dictionary
942 _cREF
_2ddc
_h913.38
_iWAR/E
_k913.38
_mWAR/E